[Event "SRB-chT"]
[Site "Ruma"]
[Date "2017.09.08"]
[Round "8.1"]
[White "Banusz, Tamas"]
[Black "Atalik, Suat"]
[Result "1/2-1/2"]
[WhiteElo "2608"]
[BlackElo "2537"]
[Annotator "Atalik,S"]
[PlyCount "45"]
[EventDate "2017.09.01"]
[EventType "team-tourn"]
[EventRounds "11"]
[EventCountry "SRB"]
[SourceTitle "CBM 181"]
[Source "ChessBase"]
[SourceDate "2017.11.10"]
[SourceVersion "1"]
[SourceVersionDate "2017.11.10"]
[SourceQuality "1"]
[WhiteTeam "Kraljevo Sloga Turist"]
[BlackTeam "Paracin OSK"]
[WhiteTeamCountry "SRB"]
[BlackTeamCountry "SRB"]

1. Nf3 d5 2. g3 c5 3. Bg2 Nc6 4. d4 Nf6 5. O-O e6 6. c4 dxc4 {The game
transposes into the Catalan Opening.} 7. dxc5 $5 {A popular line.} Qxd1 (7...
Bxc5 8. Qxd8+ Nxd8 (8... Kxd8 {looks more to the point.} 9. Nbd2 Ke7 10. Nxc4
Rd8 11. b3 a5 $1 {is obviously worth considering.}) 9. Ne5 Bd7 10. Nd2 c3 11.
Nxd7 Nxd7 12. Ne4 Rc8 13. bxc3 $14 {Atalik,S-Smagin,Kopaonik 1992.}) 8. Rxd1
Bxc5 9. Nbd2 c3 10. bxc3 O-O (10... Bd7 11. Ng5 $1) 11. Ne1 $5 (11. Nb3 Be7 12.
Nfd4 Nxd4 $5 13. cxd4 Nd5 14. Bd2 f5 $132 {is a new attempt which both Tamas
and I found at least enterprising.}) 11... Be7 12. Nc4 {The only consequent
idea.} ({No matter what the move order is} 12. Nd3 Bd7 13. Nb3 b6 $11) (12. Nb3
Bd7 13. Nd3 b6 $11 {the outcome is equality.}) 12... Nd5 $6 $146 {I am not
happy about my over the board pawn sacrifice.} (12... Rd8 $1 13. Rxd8+ (13. Ba3
) 13... Nxd8 14. Na5 e5 $1 {and Black is safe.}) 13. Bxd5 exd5 14. Ne3 Bc5 (
14... Be6 15. Nxd5 Rfd8 16. Nxe7+ (16. e4 Bf8) 16... Nxe7 17. Rxd8+ Rxd8 18.
Be3 b6 $14) 15. Nxd5 $1 {This surprised me} ({since I failed to fully
appreciate the consequences of} 15. Nd3 Bxe3 16. Bxe3 Be6 17. Nf4 Rfd8 $11)
15... Bg4 16. Kf1 (16. Nf3 $142) 16... Bh3+ (16... Rad8 17. Be3) 17. Ng2 Rae8
$1 $44 18. Be3 (18. Ndf4 $142 Bc8 19. a4) 18... Bxe3 19. Ndxe3 f5 (19... g5 $5)
20. Rd2 (20. Kg1 g5 21. f4 gxf4 22. Nxf4 (22. gxf4 Bxg2 23. Nxg2 Rxe2) 22...
Rxe3 23. Nxh3 Rxe2 24. Nf4 Rc2 25. Rdc1 Rxc1+ 26. Rxc1 Rd8) (20. Ke1 g5 21. f4
gxf4 22. Nxf4 Rxe3 23. Nxh3 Rxc3 $11) 20... f4 ({I did not like} 20... g5 21.
Nc4 (21. Nd5 Ne5 $44) (21. Nd1 f4 22. f3 Ne5 23. Kf2 fxg3+ 24. hxg3 Bxg2 25.
Kxg2 g4 26. f4 Nc4 $13) 21... f4 22. Kg1 Ne5 23. Nxe5 Rxe5 $44 {but it is
fully playable.}) 21. gxf4 (21. Nd5 f3 22. exf3 Ne5 23. Ndf4 Nxf3 (23... Rxf4
24. gxf4 Nxf3 25. Rd3 Bxg2+ 26. Kxg2 Ne1+ 27. Rxe1 Rxe1 28. Rd8+) 24. Rd3 Bxg2+
25. Nxg2 Nxh2+ 26. Kg1 Ng4 27. Rd2 g5 $17) 21... Rxf4 (21... g5 $2 22. Nd5 gxf4
23. f3 $16) 22. Ke1 $2 (22. Kg1 $1 Rfe4 23. Rb1 b6 24. Rd6 Na5 25. Rb4 R4e6 $1
26. Rxe6 Bxe6 $11) 22... Rf6 $1 23. f4 {I had a long think after the draw
offer.} (23. f4 Nd8 $1 {and I failed to see this twist.} (23... Rfe6 24. Kf2
Nd8 25. Rad1 (25. Rb1 b6 26. Rb5 Nb7 27. Rh5 Bxg2 28. Nxg2 Nd6 29. Kf3 Nc4 30.
Rd4 g6 31. Rg5 Ne3 $11) 25... Nf7) ({I accepted the draw offer basically being
dissatisfied} 23... Rh6 24. Kf2 Bxg2 25. Nxg2 Rxh2 {with the fact that after I
would be winning the pawn the initiative might change hands.} 26. Rd7 Re7 27.
Rxe7 Nxe7 28. e4 Rh3 29. Ne3 Kf7 30. Rd1 Ng6 31. Nd5 Rh2+ 32. Ke3 Rc2 $1 $11 {
but maybe this was not the case!}) (23... g5 24. Nd5 (24. fxg5 Rf7 (24... Rg6
25. Rd5) 25. Rad1) 24... Rf7 25. fxg5 Bxg2 26. Nf6+ Kf8) 24. Kf2 Ne6 25. Nd5
Rh6 26. Re1 Nc5 27. Rd4 Rh5 28. Nge3 $132) 1/2-1/2

[Event "Olympiad-36"]
[Site "Mallorca"]
[Date "2004.10.20"]
[Round "6"]
[White "Avrukh, Boris"]
[Black "Grischuk, Alexander"]
[Result "1/2-1/2"]
[WhiteElo "2614"]
[BlackElo "2704"]
[Annotator "Avrukh,B"]
[PlyCount "87"]
[EventDate "2004.10.15"]
[EventType "team-swiss"]
[EventRounds "14"]
[EventCountry "ESP"]
[SourceTitle "CBM 104"]
[Source "ChessBase"]
[SourceDate "2005.01.27"]
[SourceVersion "1"]
[SourceVersionDate "2005.01.27"]
[SourceQuality "1"]
[WhiteTeam "Israel"]
[BlackTeam "Russia"]
[WhiteTeamCountry "ISR"]
[BlackTeamCountry "RUS"]

1. d4 Nf6 2. c4 e6 3. g3 d5 4. Nf3 dxc4 5. Bg2 c5 6. O-O Nc6 7. Ne5 Bd7 8. Na3
cxd4 9. Naxc4 {Before our match with Russia our captain told me, that I should
play very solid and even a draw will be quite a good outcome for our team. At
this moment I have had a very mixed feeling about my position, first of all I
didn't manage to get a solid position with White (:)), I was a pawn down at a
so early stage of the game, but on the other hand it was a great opportunity
for me to try myself against a heavy-weight opponent, since I felt pretty
comfortable playing this line.} Be7 {Black's last move is quite rare, usually
Black chooses 9...Bc5 or 9...Nxe5.} 10. Bf4 {The only way to fight for an
advantage.} ({Recently} 10. Qb3 {was refuted nicely by} Qc7 $1 11. Bf4 ({
White failed after} 11. Nxc6 Bxc6 12. Bf4 Qd8 13. Bxc6+ bxc6 14. Rfd1 c5 15.
Be5 Ng4 16. e3 Nxe5 17. Nxe5 O-O 18. Nc6 Qd7 19. Nxe7+ Qxe7 20. exd4 cxd4 21.
Rxd4 Rab8 $11 {Schroeder,W-Klovans,J/Muenster 1994 0-1 (25)}) 11... Nh5 $1 {
and Black is doing fine; Polovnikova-Shadrina 2004.}) 10... Nd5 $6 $146 {
This appears to be a novelty and most probably not a very good one.} (10... O-O
11. Qb3 {[%csl Gb7]} Qc8 12. Rac1 (12. Rfd1 $5 Nd5 (12... Rd8 $142) 13. Nxd7
Qxd7 14. Ne5 Nxe5 15. Bxe5 Bf6 16. Bxd4 Bxd4 17. Rxd4 Qe7 18. Bxd5 exd5 19. e3
$16 {Adrian,C-Wians,C/Mondorf op 1991/EXT 91op/1-0 (63)}) 12... Nd5 13. Rfd1
Nxf4 14. gxf4 {with typical compensation.Van Wely-Piket 1997}) 11. Nxd7 (11.
Nxc6 Bxc6 12. Qxd4 O-O 13. Rfd1 Nxf4 14. Qxf4 Qe8 $11 {Grischuk}) 11... Nxf4 (
11... Qxd7 12. Ne5 Nxe5 13. Bxe5 O-O 14. Bxd4 Rfd8 15. e3 $14 {[%csl Gg2] and
White has a small but very stable edge.}) 12. Bxc6 bxc6 13. Nde5 (13. Nce5 $2
Nd5 {[%cal Gf7f6] is clearly in Black's favour.}) 13... Nh3+ 14. Kg2 Ng5 ({
Only here my opponent noticed that the logical} 14... Qd5+ {leads to White's
clear advantage} 15. Kxh3 f6 16. e4 $1 {The key move.} dxe3 (16... Qxe4 17. Nf3
$16) 17. Qg4 $1 fxe5 18. Rad1 e2 19. Qxe2 Qb5 20. Qg4 {[%csl Ge6]}) 15. f3 $1 {
[%csl Gg5] An important move, which restricts the mobility of Black's knight.}
Rc8 $2 ({The obvious} 15... Qd5 {is strongly met by} 16. e4 $1 {for example:} (
16. Qa4 Qb5 $1 {[%cal Gf7f6]}) 16... dxe3 17. Qe2 {[%cal Gh2h4]} f6 18. Rfd1
Qb5 19. a4 Qb7 (19... Qa6 $2 20. Nd6+ {[%cal Ge2a6] wins}) 20. Rd7 Qc8 21. Qxe3
fxe5 22. Rxe7+ $1 Kxe7 23. Qxg5+ Kf8 24. Nxe5 $40 {[%cal Ga1d1]}) ({Apparently
the quiet approach} 15... Qc7 $142 {was the best option.} 16. Qxd4 ({Also
interesting was} 16. h4 f6 17. hxg5 fxe5 18. Qd3 O-O (18... Bxg5 19. Rh1 Bh6
20. Rh5 $44) 19. g6 h6 20. Qe4 Bf6 21. Rac1 $44) 16... f6 17. Nd3 O-O 18. Rac1
{[%csl Rc6] and White has a pleasant plus.}) 16. Nxc6 $1 $16 {The move
Grischuk had certainly overlooked.} Qd5 (16... Rxc6 $2 17. Qa4 Qd5 18. Ne5 $18)
17. N4a5 $5 ({The natural alternative was} 17. N4e5 Rc7 (17... f6 18. Nxa7 $1 {
somehow I didn't notice this opportunity.} Rc7 (18... Ra8 19. Qa4+ Kf8 20. Nd7+
Kf7 21. Nb6 Qb7 22. Nxa8 Rxa8 23. h4 $16 {[%csl Gg5]}) 19. Qa4+ Kf8 20. Nec6
Bc5 21. Rfc1 $1) (17... Bc5 $140 $2 18. Qa4 O-O 19. b4 {[%csl Ge7]} Bd6 20.
Rad1 $18) 18. Qxd4 (18. h4 Bf6 $1) 18... f6 (18... Qxd4 19. Nxd4 $16) 19. Qxd5
exd5 20. Nxe7 Kxe7 21. Nd3 Rc2 {and Black has some activity for the pawn.})
17... Bd8 $5 (17... e5 18. Nxa7 $1 (18. Qa4 Qd7 19. Qb5 Bd6 $13) (18. e4 Qd7)
18... Rc7 19. Qa4+ Qd7 20. N7c6 O-O 21. b4 Ra8 22. Qb5 $1 $16) 18. Qa4 Qd7 19.
Qa3 ({During the game it was not so easy to choose between} 19. Qb4 $5 {
and the game continuation.} {Meanwhile after} Bxa5 (19... f6 20. Nxd8 Qxd8 (
20... Rxd8 21. Nb7 $1 $16 {The point}) 21. Rac1 $16 {[%csl Re8]}) 20. Nxa5 f6
21. Rac1 e5 22. Rxc8+ Qxc8 23. Nc4 $16 {White keeps a clear advantage .}) 19...
f6 20. Nxd8 Rxd8 21. Rac1 e5 22. Nc6 Rc8 ({Too passive is} 22... Ra8 23. Rc4 {
[%cal Gf1c1]} (23. Qb3 {[%cal Gc6b8]} Qe6 $1) (23. Rc2 {also comes into
consideration.} Nf7 $140 24. Rfc1 Nd6 25. Na5 O-O 26. Rc7 Qd8 27. Nb7 $1 Nxb7
28. Rxb7 $16 {[%cal Gc1c7]}) 23... Nf7 24. Rfc1 Nd6 25. Ra4 Nf5 26. Kf2 Ne3 27.
Rxa7 Rxa7 28. Qxa7 Qxa7 29. Nxa7 Kd7 30. Nb5 $16) 23. Qxa7 Rc7 24. Qa8+ Rc8 25.
Qa6 Kf7 26. Qc4+ (26. b4 $5) 26... Ne6 27. b4 h5 $1 {White has an absolutely
winning position and Alexander correctly tries to create counterplay against
my king.} 28. b5 (28. h4 {was also worth a try.}) 28... h4 29. f4 $1 exf4 30.
Rxf4 $2 $138 (30. gxf4 $1 {[%cal Gf4f5] Now after the game I can hardly
believe, that I didn't play this obvious move, which decides the issue
immediately.} g6 31. f5 gxf5 32. Rxf5 $18 {[%cal Gc6e5]} Qd6 33. Rcf1 {and
Black's position is falling apart.}) 30... Rh5 31. Rxh4 $2 {Another serious
mistake.} (31. Rxd4 Qxd4 32. Nxd4 Rxc4 33. Rxc4 Nxd4 34. Rxd4 Rxb5 $1 35. Rxh4
Rb2 $11) ({After the correct} 31. a4 hxg3 (31... Rc5 $2 32. Qxc5 Nxc5 33. Ne5+
$18) 32. hxg3 Kf8 $1 {Black has definitely some counterplay, although White
has better chances.} (32... Rch8 $143 $2 33. Rxd4 Rh2+ 34. Kf3 $18)) 31... Rxh4
$2 $138 ({Very strong was} 31... Rc5 $1 {the move that we both overlooked
during the game .} 32. Qxc5 (32. Rxd4 Qe8 $8 33. Qd3 R8xc6 $1) 32... Nxc5 33.
Rxc5 d3 $1 {and White has to force a draw after} 34. exd3 Qxd3 35. Ne5+ fxe5
36. Rxc8 Qe2+ 37. Kg1 Qe1+ 38. Kg2 Qe2+ $11) 32. gxh4 Rh8 33. Rf1 {[%cal Gc6e5]
} ({It was the right moment to push my b-pawn} 33. b6 $1 Rxh4 34. Qb3 $1 Qd6 (
34... d3 $140 35. Ne5+ fxe5 36. Rc7 $1) 35. Nd8+ Qxd8 36. Rc7+ Kg6 37. Qxe6 $18
) 33... Qd6 $1 34. Rf3 (34. Rf5 g6 $1) ({The last winning attempt was} 34. b6
$1 {with the following line} Rxh4 35. h3 Rh5 (35... d3 36. Qxh4 Qxc6+ 37. Kh2)
36. b7 Rg5+ 37. Kh1 Rc5 (37... Qg3 38. Nd8+ $1 Kg6 39. Qd3+ $1 $18 {[%csl Gb7]}
) 38. Qxc5 Qxc5 39. Nd8+ $1 Nxd8 40. b8=Q Ne6 41. Qb7+ $16 {but sometimes it's
really hard to explain your moves, when you have only 30 seconds to make it.})
34... Rxh4 35. h3 Rh5 $1 {[%csl Gg2] The game has completely changed it's
course and at this moment I was thinking that draw would be a good outcome for
me.} (35... d3 $2 36. Qxh4 d2 37. Qh5+ Kf8 38. Ne5 $1 $18) 36. a4 Rg5+ 37. Kh1
(37. Kf1 $2 Rc5 $1 (37... Qh2 38. Ke1 $1) 38. Qb3 Qh2 $36 {[%csl Rf1]}) 37...
Kg6 $1 {Removing the king from a2-g8 diagonal and releasing the knight.} 38.
Qd3+ (38. a5 Rc5 39. Qd3+ Kh6 $1 40. a6 Rc1+ 41. Kg2 Nf4+ 42. Rxf4 Qxf4 43.
Nxd4 Qg5+ 44. Kf2 Qh4+ $11) 38... Kh6 39. Qe4 (39. e4 Qc5) 39... Qc5 40. Rf1
Qc3 41. Qf3 (41. Qd3 Qc5 42. a5 Nf4 $1 43. Qxd4 Qxb5 44. Qxf4 Qxc6+ (44... Qxe2
$2 45. Rg1 $1 $18) 45. e4 Kh7 $1 $11) 41... Qc5 42. Qe4 Qc3 43. Qf3 (43. e3 Qc4
44. Re1 Nc5 45. Qxd4 Qe6 $19) 43... Qc5 44. Qe4 1/2-1/2

[Event "Biel MTO op"]
[Site "Biel"]
[Date "2004.07.22"]
[Round "4"]
[White "Avrukh, Boris"]
[Black "Kosyrev, Vladimir"]
[Result "1-0"]
[WhiteElo "2600"]
[BlackElo "2550"]
[Annotator "Avrukh,B"]
[PlyCount "59"]
[EventDate "2004.07.19"]
[EventType "swiss"]
[EventRounds "11"]
[EventCountry "SUI"]
[SourceTitle "CBM 101 Extra"]
[Source "ChessBase"]
[SourceDate "2004.09.01"]
[SourceVersion "2"]
[SourceVersionDate "2004.09.01"]
[SourceQuality "1"]

1. d4 Nf6 2. c4 e6 3. Nf3 d5 4. g3 dxc4 5. Bg2 a6 6. O-O (6. Ne5 {is another
line.}) 6... Nc6 7. Nc3 Rb8 8. e4 Be7 9. Qe2 $5 {This continuation is
currently not very popular, although in my view it is much better than it's
reputation.} ({After} 9. d5 exd5 10. exd5 Nb4 11. Ne5 Bf5 {Black reaches a
very comfortable game.}) 9... b5 ({Certainly} 9... Nxd4 {should have been the
critical line} 10. Nxd4 Qxd4 11. Rd1 {with very interesting play.}) 10. Rd1 Nb4
({The main problem, that after} 10... O-O 11. d5 exd5 12. e5 $1 Nd7 13. Nxd5 {
White gets a powerful initiative.}) 11. Ne1 $1 $146 {[%csl Gd3]} ({More
ambitious looks} 11. Ne5 {but after correct} Nd7 $1 12. Qg4 g6 (12... O-O $140
$2 13. Bh6 Bf6 14. Nxd7 Bxd7 15. e5 $18) 13. Bh6 Nxe5 14. dxe5 Nd3 {Black has
a very good game.}) (11. b3 cxb3 12. axb3 O-O 13. Bb2 Bb7 14. Ne5 c5 15. dxc5
Qc7 16. Ng4 Qxc5 17. Rac1 Qb6 18. Nxf6+ Bxf6 19. e5 Be7 20. Bxb7 Qxb7 21. Ne4
$44 {1-0 Adrian,C-Milliet,S/Nancy FRA 2004/The Week in Chess 484 (34)}) 11...
Bb7 ({After logical} 11... O-O {White has a wide choice of possibilities} {
During the game I intented to continue} 12. a3 (12. d5 exd5 13. e5 (13. a3 $2
Nd3 $1) 13... Nd7 14. Nxd5 Nxd5 15. Bxd5 Qe8 {and Black is fine.}) (12. Bf4 Re8
$1 13. a3 Nc6 14. d5 exd5 15. Nxd5 (15. e5 Bc5 $1 {[%cal Ge8e2]}) 15... Nxd5
16. Rxd5 Bd6 17. Rad1 Qe7 18. Bxd6 cxd6 19. Rxd6 Ne5 $11) 12... Nc6 13. d5 exd5
14. e5 Bg4 $1 (14... Nd7 15. e6 $36) 15. Bf3 (15. f3 Bc5+ 16. Kh1 Re8 17. fxg4
Rxe5 $36) 15... Bxf3 16. Nxf3 Nd7 17. Nxd5 $44) 12. a3 Nc6 (12... Nd3 13. Nxd3
cxd3 14. Rxd3 O-O 15. Bf4 $14) 13. d5 exd5 14. e5 $1 {Only like that!} ({After
} 14. Nxd5 Nxd5 15. Rxd5 Qc8 16. Qh5 {[%cal Gg2h3]} Nd8 $1 {[%cal Gd8e6]
white's compensation is very problematic.}) 14... Nd7 15. Nxd5 ({Another
interesting alternative was:} 15. e6 fxe6 16. Qxe6 Nc5 17. Qg4 $44) 15... O-O (
15... Ncxe5 $5 {would have been very interesting ,although looks extremely
dangerous.} 16. Bf4 (16. Bh3 Kf8 $1) 16... f6 17. Bxe5 fxe5 18. Qg4 Bxd5 19.
Bxd5 Bd6 20. Bc6 (20. Qxg7 $143 Qf6 21. Qg4 h5 22. Qe2 h4 $15) 20... Qe7 (20...
Rb6 $2 21. Qe6+ $18) 21. a4 $44) 16. Bf4 Nc5 $1 {The right decision, otherwise
White's pressure along d-file would have been decisive.} ({For example} 16...
Re8 17. Ne3 $1 {[%cal Gg2h3]} (17. e6 Bd6 18. exf7+ Kxf7 $13) 17... Bc5 18. Qg4
Nd4 19. Rxd4 Bxd4 20. Nf5 g6 21. Nxd4 Bxg2 22. Nxg2 Nxe5 23. Bxe5 Rxe5 24. Nc6
$18) 17. Nf6+ Bxf6 18. Rxd8 Bxd8 19. Rd1 Ne6 (19... Be7 20. Be3 Rfd8 21. Rxd8+
Rxd8 22. Bxc5 Bxc5 23. e6 $16) 20. Be3 Nxe5 $2 {Falling exactly into White's
trap.} (20... Be7 $142 21. f4 (21. Rd7 Rfe8) 21... Rfd8 22. Rxd8+ Rxd8 23. Nc2
$14 {White is clearly better, but Black has a lot of defensive recources.}) 21.
Bxb7 $1 ({Probably my opponent was expecting only:} 21. Ba7 Ra8 22. Bxb7 Rxa7
23. Bd5 Bf6 24. f4 Nd3 25. Bxe6 Nxe1 {and Black has good chances to save the
game.}) 21... Rxb7 22. f4 Nd3 (22... Nc6 23. Qg2 $18 {[%csl Gb7,Gc6]}) (22...
Ng6 23. f5 $18) 23. Nxd3 cxd3 24. Qg2 $1 Rb8 (24... c6 25. f5 Nc7 (25... Bg5)
26. Qxc6 Rb8 27. Rxd3 $18 {Absolutely hopeless for Black.}) 25. f5 $1 {Black's
knight trapped in the middle of the board!} c5 (25... Ng5 26. h4) 26. fxe6 c4
27. Rf1 Bf6 28. Rxf6 gxf6 29. e7 Rfe8 30. Qe4 1-0